Central Library OPAC University of Rajshahi

The mask of Keats : (Record no. 55569)

MARC details
000 -LEADER
fixed length control field 00583nam a2200205 a 4500
001 - CONTROL NUMBER
control field 55569
003 - CONTROL NUMBER IDENTIFIER
rucl marc code BD-RjUL
005 - DATE AND TIME OF LATEST TRANSACTION
control field 20211209080301.0
008 - FIXED-LENGTH DATA ELEMENTS--GENERAL INFORMATION
fixed length control field 161120s1956 at ah 001 0 eng c
035 ## - SYSTEM CONTROL NUMBER
System control number (BD-RjUL)55692
040 ## - CATALOGING SOURCE
Transcribing agency OClU
Modifying agency OCoLC
-- BD-RjUL
-- DLC
Language of cataloging eng
Original cataloging agency BD-RjUL
041 ## - LANGUAGE CODE
Language code of text/sound track or separate title eng
082 ## - DEWEY DECIMAL CLASSIFICATION NUMBER
Edition number 23
Classification number 821.7
Author mark and year GIM 1956
100 1# - MAIN ENTRY--PERSONAL NAME
Personal name Gittings, Robert.
9 (RLIN) 165528
245 14 - TITLE STATEMENT
Title The mask of Keats :
Remainder of title a study of problems /
260 ## - PUBLICATION, DISTRIBUTION, ETC. (IMPRINT)
Place of publication, distribution, etc. Melbourne :
Name of publisher, distributor, etc. Heinemann,
Date of publication, distribution, etc. 1956
300 ## - PHYSICAL DESCRIPTION
Pagination x, 177 p. :
Illustrations illus. ;
Size 23 cm.
600 10 - SUBJECT ADDED ENTRY--PERSONAL NAME
Personal name Keats, John,
Dates associated with a name 1795-1821
942 ## - ADDED ENTRY ELEMENTS (KOHA)
Source of classification or shelving scheme Dewey Decimal Classification
Koha item type Books
Holdings
Lost status Source of classification or shelving scheme Damaged status Not for loan Collection code Permanent Location Current Location Shelving location Date acquired Source of acquisition Cost, normal purchase price Total Checkouts Full call number Date last seen Copy number Koha item type
  Dewey Decimal Classification     Non-fiction Central Library, University of Rajshahi Central Library, University of Rajshahi   16/11/1957 O.U.P 130.00   821.7 GIM 1956 20/11/2016 C-2 Books